| Tag |
First Indicator |
Second Indicator |
Subfields |
| LEADER |
00000cam a2200000 a 4500 |
| 001 |
in00000009484 |
| 005 |
20151007051614.0 |
| 008 |
870210s1987 nju b 00110 eng |
| 010 |
|
|
|a 87003912
|
| 020 |
|
|
|a 0391035347
|
| 020 |
|
|
|a 0391035355 (pbk.)
|
| 035 |
|
|
|a (OCoLC)15252408
|
| 035 |
|
|
|9 AAA3852AM
|
| 040 |
|
|
|a DLC
|c DLC
|d TXA
|d UtOrBLW
|
| 049 |
|
|
|a TXAM
|c [A12637527]
|
| 050 |
0 |
0 |
|a Q175
|b .T758 1987
|
| 082 |
0 |
|
|a 501
|2 19
|
| 100 |
1 |
|
|a Trusted, Jennifer.
|
| 245 |
1 |
0 |
|a Inquiry and understanding :
|b an introduction to explanation in the physical and human sciences /
|c Jennifer Trusted.
|
| 264 |
|
1 |
|a Atlantic Highlands, NJ :
|b Humanities Press International,
|c 1987.
|
| 300 |
|
|
|a ix, 171 pages ;
|c 23 cm.
|
| 336 |
|
|
|a text
|b txt
|2 rdacontent
|
| 337 |
|
|
|a unmediated
|b n
|2 rdamedia
|
| 338 |
|
|
|a volume
|b nc
|2 rdacarrier
|
| 504 |
|
|
|a Bibliography: pages [165]-166.
|
| 500 |
|
|
|a Includes index.
|
| 650 |
|
0 |
|a Science
|x Philosophy.
|
| 650 |
|
0 |
|a Anthroposophy.
|
| 650 |
|
0 |
|a Explanation.
|
| 999 |
|
|
|a MARS
|
| 999 |
f |
f |
|s 553cc3a6-c32f-3a30-8b6b-eec62d07e01a
|i e618840c-13ce-3929-9052-7ca11cb5f48b
|t 0
|
| 952 |
f |
f |
|p ric
|a Texas A&M University
|b Rellis Campus
|c Joint Library Facility
|d Remote Storage
|t 0
|e Q175 .T758 1987
|h Library of Congress classification
|i unmediated -- volume
|m A14812637527
|
| 998 |
f |
f |
|a Q175 .T758 1987
|t 0
|l Remote Storage
|